[Event "SVK-chT2D 2223"]
[Site "Slovakia"]
[Date "2022.11.26"]
[Round "5.2"]
[White "Tauber, Marek"]
[Black "Krajnak, Jan"]
[Result "1/2-1/2"]
[WhiteElo "2060"]
[BlackElo "2099"]
[PlyCount "45"]
[EventDate "2022.10.08"]
[EventType "team-tourn"]
[EventRounds "11"]
[EventCountry "SVK"]
[SourceTitle "EXT 2024"]
[Source "ChessBase"]
[SourceDate "2023.10.10"]
[SourceVersion "1"]
[SourceVersionDate "2023.10.10"]
[SourceQuality "1"]
[WhiteTeam "Spisska Nova Ves"]
[BlackTeam "Poprad LS VD"]
[WhiteTeamCountry "SVK"]
[BlackTeamCountry "SVK"]

1. f4 e5 2. fxe5 d6 3. Nf3 Bg4 4. e4 dxe5 5. Bc4 Nc6 6. c3 Bc5 7. d3 Qf6 8. b4 Bb6 9. a4 a6 10. Nbd2 Rd8 11. Qe2 Nge7 12. h3 Bh5 13. g4 Bg6 14. Nf1 Qd6 15. Be3 Nc8 16. a5 Bxe3 17. Nxe3 h5 18. Kf2 N8e7 19. Kg3 Qf6 20. Raf1 hxg4 21. hxg4 Qf4+ 22. Kg2 Rxh1 23. Rxh1 1/2-1/2

[Event "SVK-chT2D 2122"]
[Site "Slovakia"]
[Date "2021.11.14"]
[Round "4.4"]
[White "Mnich, Jozef"]
[Black "Krajnak, Jan"]
[Result "1-0"]
[WhiteElo "2020"]
[BlackElo "2073"]
[PlyCount "137"]
[EventDate "2021.10.16"]
[EventType "team-tourn"]
[EventRounds "11"]
[EventCountry "SVK"]
[SourceTitle "EXT 2023"]
[Source "ChessBase"]
[SourceDate "2022.10.05"]
[SourceVersion "1"]
[SourceVersionDate "2022.10.05"]
[SourceQuality "1"]
[WhiteTeam "Presov Tatran Dason"]
[BlackTeam "Poprad LS VD"]
[WhiteTeamCountry "SVK"]
[BlackTeamCountry "SVK"]

1. e4 e5 2. Nf3 Nc6 3. d4 exd4 4. Bc4 Nf6 5. 0-0 d6 6. Nxd4 Be7 7. Nc3 0-0 8. Re1 Ne5 9. Bb3 c5 10. f4 cxd4 11. fxe5 dxc3 12. exf6 Bxf6 13. Rb1 Be5 14. Qf3 Bxh2+ 15. Kf1 Qh4 16. Be3 Bg3 17. Bf2 Bxf2 18. Qxf2 Qh1+ 19. Qg1 Qh6 20. bxc3 Qf6+ 21. Qf2 Qxc3 22. Bd5 Qc7 23. Kg1 Rb8 24. Qxa7 Be6 25. Rxb7 Rxb7 26. Qxb7 Qxb7 27. Bxb7 Bxa2 28. Rd1 Rd8 29. Bd5 Bxd5 30. exd5 Kf8 31. Kf2 Rc8 32. Rd2 Rc3 33. Re2 Rc5 34. Rd2 Ke7 35. Ke3 Rc3+ 36. Kd4 Rg3 37. Rf2 Rg4+ 38. Kd3 h5 39. c4 g5 40. Re2+ Kd8 41. Kc3 h4 42. Kb4 f5 43. Kb5 Re4 44. Ra2 Ke7 45. c5 Rd4 46. Ra7+ Kf6 47. Ra6 Ke5 48. Rxd6 Rg4 49. Kc6 Rxg2 50. Re6+ Kf4 51. d6 h3 52. d7 Rd2 53. Kc7 g4 54. Rd6 Rxd6 55. cxd6 h2 56. d8Q h1Q 57. d7 Qc1+ 58. Kb8 g3 59. Qh4+ Kf3 60. d8Q Qb2+ 61. Kc8 Qc3+ 62. Qc7 Qxc7+ 63. Kxc7 f4 64. Qh5+ Kf2 65. Qc5+ Kg2 66. Qc2+ Kf3 67. Qd1+ Kf2 68. Qd4+ Kf3 69. Kd6 1-0

[Event "SVK-chT2D 1920"]
[Site "Slovakia"]
[Date "2020.03.08"]
[Round "11.6"]
[White "Tobias, Gyozo"]
[Black "Krajnak, Jan"]
[Result "0-1"]
[WhiteElo "1885"]
[BlackElo "2104"]
[PlyCount "56"]
[EventDate "2019.10.26"]
[EventType "team-tourn"]
[EventRounds "11"]
[EventCountry "SVK"]
[SourceTitle "EXT 2022"]
[Source "ChessBase"]
[SourceDate "2021.10.06"]
[SourceVersion "1"]
[SourceVersionDate "2021.10.06"]
[SourceQuality "1"]
[WhiteTeam "Velke Kapusany"]
[BlackTeam "Poprad LS VD"]
[WhiteTeamCountry "SVK"]
[BlackTeamCountry "SVK"]

1. d4 Nf6 2. c4 e6 3. Nf3 c5 4. Nc3 cxd4 5. Nxd4 Nc6 6. e3 Be7 7. Be2 0-0 8. 0-0 e5 9. Nf5 Bb4 10. Nd5 d6 11. Ng3 Nxd5 12. cxd5 Ne7 13. a3 Bc5 14. b4 Bb6 15. Bb2 f5 16. Kh1 Qe8 17. Bc4 Bd7 18. Qe2 Rc8 19. Rfe1 f4 20. exf4 Rxf4 21. Ne4 Qg6 22. f3 Nf5 23. Bb3 Rh4 24. g4 Ne3 25. Rg1 Bxg4 26. Nxd6 Rxh2+ 27. Qxh2 Bxf3+ 28. Rg2 Bxg2+ 0-1

[Event "SVK-chT2D 1819"]
[Site "Slovakia"]
[Date "2019.04.06"]
[Round "10.3"]
[White "Cenker, Milan"]
[Black "Krajnak, Jan"]
[Result "1-0"]
[WhiteElo "1983"]
[BlackElo "2069"]
[PlyCount "45"]
[EventDate "2018.10.13"]
[EventType "team-tourn"]
[EventRounds "11"]
[EventCountry "SVK"]
[SourceTitle "EXT 2020"]
[Source "ChessBase"]
[SourceDate "2019.10.17"]
[SourceVersion "1"]
[SourceVersionDate "2019.10.17"]
[SourceQuality "1"]
[WhiteTeam "Presov Slavia PU"]
[BlackTeam "Poprad LS VD"]
[WhiteTeamCountry "SVK"]
[BlackTeamCountry "SVK"]

1. d4 d5 2. c4 dxc4 3. Nf3 c6 4. a4 Nd7 5. Nc3 Qa5 6. Bd2 e5 7. e3 Bb4 8. Bxc4 Ngf6 9. Qb3 0-0 10. dxe5 Nc5 11. Qc2 b5 12. Ba2 bxa4 13. exf6 Ba6 14. Ne5 Qd8 15. Bb1 g6 16. Nxc6 Qb6 17. Nxb4 Qxb4 18. Ne2 Qg4 19. Nf4 Rac8 20. h3 Qd7 21. Bc3 Rfd8 22. Ra3 g5 23. Qxh7+ 1-0

[Event "SVK-chT2D 1819"]
[Site "Slovakia"]
[Date "2019.03.02"]
[Round "8.5"]
[White "Krajnak, Jan"]
[Black "Kardis, Benjamin"]
[Result "0-1"]
[WhiteElo "2069"]
[BlackElo "1819"]
[PlyCount "80"]
[EventDate "2018.10.13"]
[EventType "team-tourn"]
[EventRounds "11"]
[EventCountry "SVK"]
[SourceTitle "CBM 189 Extra"]
[Source "ChessBase"]
[SourceDate "2019.06.03"]
[SourceVersion "1"]
[SourceVersionDate "2019.06.03"]
[SourceQuality "1"]
[WhiteTeam "Poprad LS VD"]
[BlackTeam "Humenne Reinter"]
[WhiteTeamCountry "SVK"]
[BlackTeamCountry "SVK"]

1. e4 c5 2. Nf3 Nc6 3. d4 cxd4 4. Nxd4 g6 5. Nc3 Bg7 6. Be3 Nf6 7. Nxc6 bxc6 8. e5 Ng8 9. Bd4 Nh6 10. e6 0-0 11. Bxg7 Kxg7 12. Qd4+ Kg8 13. exf7+ Nxf7 14. 0-0-0 Qb6 15. Qd2 Rb8 16. b3 Nd6 17. f3 Qb4 18. Kb2 Rb6 19. a3 Qh4 20. Ka2 Rb8 21. Qe3 Qf6 22. Na4 Nb5 23. c4 Nd6 24. Qxa7 Rb7 25. Qe3 Nf5 26. Qd3 d6 27. Qc3 e5 28. Bd3 Nd4 29. Rb1 Bd7 30. Be4 Rfb8 31. b4 Ra7 32. Nb2 Be6 33. Ra1 Nb5 34. Qd2 Rxa3+ 35. Kb1 Rxa1+ 36. Kxa1 Ra8+ 37. Kb1 Na3+ 38. Kc1 Nxc4 39. Nxc4 Bxc4 40. Kb1 d5 0-1

[Event "SVK-chT2D 1819"]
[Site "Slovakia"]
[Date "2019.02.03"]
[Round "7.7"]
[White "Pollak, Rudolf"]
[Black "Krajnak, Jan"]
[Result "0-1"]
[WhiteElo "1799"]
[BlackElo "2069"]
[PlyCount "68"]
[EventDate "2018.10.13"]
[EventType "team-tourn"]
[EventRounds "11"]
[EventCountry "SVK"]
[SourceTitle "CBM 189 Extra"]
[Source "ChessBase"]
[SourceDate "2019.06.03"]
[SourceVersion "1"]
[SourceVersionDate "2019.06.03"]
[SourceQuality "1"]
[WhiteTeam "Bardejov BSK II"]
[BlackTeam "Poprad LS VD"]
[WhiteTeamCountry "SVK"]
[BlackTeamCountry "SVK"]

1. e4 e5 2. Nf3 Nc6 3. Bb5 Nf6 4. 0-0 Be7 5. Re1 d6 6. h3 0-0 7. c3 Bd7 8. d4 exd4 9. cxd4 d5 10. e5 Ne4 11. Nbd2 Nxd2 12. Bxd2 Nxe5 13. dxe5 Bxb5 14. Nd4 Bd7 15. Qc2 c5 16. Nf5 Bxf5 17. Qxf5 Qb6 18. Rab1 Qe6 19. Qc2 d4 20. b3 b5 21. Qe4 Rab8 22. f4 Rfd8 23. f5 Qd5 24. Qg4 Kh8 25. Bf4 Rb6 26. Bg5 f6 27. Bf4 d3 28. Bd2 b4 29. exf6 Bxf6 30. Re4 Rf8 31. Qf3 Bd4+ 32. Be3 Bxe3+ 33. Rxe3 Qd4 34. Kh1 Rd6 0-1

[Event "SVK-chT2D 1718"]
[Site "Slovakia"]
[Date "2018.03.18"]
[Round "11.5"]
[White "Krajnak, Jan"]
[Black "Heinrich, Jan"]
[Result "1-0"]
[WhiteElo "2062"]
[BlackElo "1941"]
[PlyCount "85"]
[EventDate "2017.10.28"]
[EventType "team-tourn"]
[EventRounds "11"]
[EventCountry "SVK"]
[SourceTitle "EXT 2020"]
[Source "ChessBase"]
[SourceDate "2019.10.17"]
[SourceVersion "1"]
[SourceVersionDate "2019.10.17"]
[SourceQuality "1"]
[WhiteTeam "Poprad LS VD"]
[BlackTeam "Moldava nad Bodvou"]
[WhiteTeamCountry "SVK"]
[BlackTeamCountry "SVK"]

1. e4 c5 2. Nf3 Nc6 3. d4 cxd4 4. Nxd4 Nf6 5. Nc3 e5 6. Ndb5 d6 7. Bg5 a6 8. Na3 b5 9. Bxf6 gxf6 10. Nd5 f5 11. Bd3 Be6 12. c3 Bg7 13. Nc2 f4 14. a4 bxa4 15. Rxa4 a5 16. Bb5 Bd7 17. g3 0-0 18. gxf4 exf4 19. Rg1 Qh4 20. Nd4 Qxh2 21. Nf3 Qh6 22. Bxc6 Bxc6 23. Ne7+ Kh8 24. Nxc6 Ra6 25. Ne7 Qe6 26. Nf5 Bf6 27. Qd3 Rb6 28. N3d4 Qd7 29. Ra2 d5 30. f3 dxe4 31. fxe4 Qb7 32. b3 Re8 33. Rh2 f3 34. Nh6 Bg7 35. Nxf7+ Kg8 36. Rxg7+ Kxg7 37. Nf5+ Kf8 38. Rxh7 f2+ 39. Kf1 Qxe4 40. Rh8+ Kxf7 41. Qd7+ Kf6 42. Qg7+ Ke6 43. Rxe8+ 1-0

[Event "SVK-chT2D 1718"]
[Site "Slovakia"]
[Date "2018.03.17"]
[Round "10.5"]
[White "Cenker, Milan"]
[Black "Krajnak, Jan"]
[Result "0-1"]
[WhiteElo "2007"]
[BlackElo "2062"]
[PlyCount "82"]
[EventDate "2017.10.28"]
[EventType "team-tourn"]
[EventRounds "11"]
[EventCountry "SVK"]
[SourceTitle "EXT 2020"]
[Source "ChessBase"]
[SourceDate "2019.10.17"]
[SourceVersion "1"]
[SourceVersionDate "2019.10.17"]
[SourceQuality "1"]
[WhiteTeam "Kosice 1 CC"]
[BlackTeam "Poprad LS VD"]
[WhiteTeamCountry "SVK"]
[BlackTeamCountry "SVK"]

1. d4 d5 2. c4 c6 3. Nc3 dxc4 4. a4 e5 5. Nf3 exd4 6. Qxd4 Qxd4 7. Nxd4 Bc5 8. e3 Bxd4 9. exd4 Be6 10. Be3 Na6 11. Nb1 Nb4 12. Na3 Ne7 13. Rc1 Na2 14. Rc2 Bf5 15. Rxc4 Nd5 16. Be2 Be6 17. Rc5 Kd7 18. Nc4 f6 19. Nd2 b6 20. Rc2 Ndb4 21. Rc4 Bxc4 22. Bxc4 Nc2+ 23. Ke2 Nab4 24. Rc1 Rae8 25. Nf3 g5 26. d5 c5 27. Bb5+ Kd6 28. Bxe8 Rxe8 29. Kd2 Nxe3 30. fxe3 Nxd5 31. Re1 Re4 32. b3 h6 33. h3 f5 34. Re2 c4 35. bxc4 Rxc4 36. Nd4 f4 37. Nb5+ Kc5 38. e4 Rxa4 39. exd5 Ra2+ 40. Kd3 Rxe2 41. d6 Re5 0-1

[Event "SVK-chT1E 1718"]
[Site "Slovakia"]
[Date "2018.02.17"]
[Round "8.8"]
[White "Krajnak, Jan"]
[Black "Belis, Rudolf"]
[Result "1-0"]
[WhiteElo "2067"]
[BlackElo "1982"]
[PlyCount "79"]
[EventDate "2017.10.21"]
[EventType "team-tourn"]
[EventRounds "11"]
[EventCountry "SVK"]
[SourceTitle "EXT 2019"]
[Source "ChessBase"]
[SourceDate "2018.10.10"]
[SourceVersion "1"]
[SourceVersionDate "2018.10.10"]
[SourceQuality "1"]
[WhiteTeam "Margecany OSK"]
[BlackTeam "Presov Tatran"]
[WhiteTeamCountry "SVK"]
[BlackTeamCountry "SVK"]

1. e4 c5 2. f4 d5 3. e5 Nc6 4. Nf3 Bg4 5. c3 e6 6. Bb5 Qb6 7. Bxc6+ bxc6 8. 0-0 c4+ 9. Kh1 Bc5 10. b3 cxb3 11. axb3 Nh6 12. b4 Be7 13. d4 0-0 14. Ra5 Qb7 15. Qa4 Rfc8 16. Nbd2 Bd8 17. Ra6 Bf5 18. Ne1 Ng4 19. Ndf3 h5 20. h3 Nh6 21. Rf2 Qb5 22. Qxb5 cxb5 23. Ra3 Kf8 24. Rfa2 Bb6 25. Bd2 Ke8 26. Nc2 Bxc2 27. Rxc2 Nf5 28. Rc1 Rc7 29. Kh2 Kd7 30. Rca1 a5 31. bxa5 Rca7 32. a6 Kc6 33. Ne1 b4 34. cxb4 Nxd4 35. b5+ Kxb5 36. Rb1+ Kc6 37. Rc3+ Bc5 38. Nd3 Rxa6 39. Nxc5 Ra3 40. Nb3+ 1-0

[Event "SVK-chT1E 1617"]
[Site "Slovakia"]
[Date "2017.02.26"]
[Round "9.8"]
[White "Turcan, Martin"]
[Black "Krajnak, Jan"]
[Result "1-0"]
[WhiteElo "1958"]
[BlackElo "2108"]
[PlyCount "85"]
[EventDate "2016.10.15"]
[EventType "team-tourn"]
[EventRounds "11"]
[EventCountry "SVK"]
[SourceTitle "EXT 2018"]
[Source "ChessBase"]
[SourceDate "2017.10.13"]
[SourceVersion "1"]
[SourceVersionDate "2017.10.13"]
[SourceQuality "1"]
[WhiteTeam "Zilina Mladost"]
[BlackTeam "Margecany Eltra"]
[WhiteTeamCountry "SVK"]
[BlackTeamCountry "SVK"]

1. d4 d5 2. c4 c6 3. cxd5 cxd5 4. Nc3 Nc6 5. Nf3 Nf6 6. Bf4 e6 7. a3 Bd6 8. Bxd6 Qxd6 9. e3 0-0 10. Be2 Bd7 11. 0-0 Rae8 12. b4 Ne4 13. Nxe4 dxe4 14. Nd2 f5 15. Bc4 Kh8 16. f3 e5 17. d5 Ne7 18. fxe4 Qb6 19. Qe2 f4 20. Rae1 Ng6 21. Nb3 Nh4 22. Nc5 Bc8 23. exf4 exf4 24. Qh5 Ng6 25. e5 Rf5 26. Qh3 Rexe5 27. Bd3 Rf8 28. Qf3 Rg5 29. Bxg6 Qxg6 30. Ne6 Bxe6 31. dxe6 Qc2 32. e7 Re8 33. Rf2 Qc8 34. Qxf4 h6 35. h4 Rg4 36. Qf7 Kh7 37. h5 Rg5 38. Rfe2 Qc6 39. Rf1 Qb5 40. Qf3 Rxh5 41. Qe4+ Kg8 42. Qe6+ Kh7 43. Rf8 1-0

[Event "SVK-chT1E 1617"]
[Site "Slovakia"]
[Date "2016.12.10"]
[Round "5.8"]
[White "Dudasko, Stefan"]
[Black "Krajnak, Jan"]
[Result "0-1"]
[WhiteElo "1893"]
[BlackElo "2108"]
[PlyCount "40"]
[EventDate "2016.10.15"]
[EventType "team-tourn"]
[EventRounds "11"]
[EventCountry "SVK"]
[SourceTitle "EXT 2018"]
[Source "ChessBase"]
[SourceDate "2017.10.13"]
[SourceVersion "1"]
[SourceVersionDate "2017.10.13"]
[SourceQuality "1"]
[WhiteTeam "Kezmarok"]
[BlackTeam "Margecany Eltra"]
[WhiteTeamCountry "SVK"]
[BlackTeamCountry "SVK"]

1. e4 e5 2. g3 d5 3. exd5 Qxd5 4. Qf3 Qa5 5. Bg2 Nf6 6. Nc3 Nc6 7. Qd1 Bg4 8. Nge2 e4 9. h3 Bxe2 10. Nxe2 0-0-0 11. 0-0 Bc5 12. c3 Bb6 13. a4 Qe5 14. Qc2 a5 15. Rb1 h5 16. Rd1 Rd3 17. Nf4 Rxg3 18. d4 exd3 19. Nxd3 Qe4 20. Ne1 Rxg2+ 0-1

[Event "SVK-chT2D 1617"]
[Site "Slovakia"]
[Date "2016.12.03"]
[Round "5.4"]
[White "Krajnak, Jan"]
[Black "Panko, Eduard"]
[Result "1-0"]
[WhiteElo "2108"]
[BlackElo "1939"]
[PlyCount "137"]
[EventDate "2016.10.08"]
[EventType "team-tourn"]
[EventRounds "11"]
[EventCountry "SVK"]
[SourceTitle "EXT 2018"]
[Source "ChessBase"]
[SourceDate "2017.10.13"]
[SourceVersion "1"]
[SourceVersionDate "2017.10.13"]
[SourceQuality "1"]
[WhiteTeam "Margecany II"]
[BlackTeam "Bardejov II"]
[WhiteTeamCountry "SVK"]
[BlackTeamCountry "SVK"]

1. e4 d6 2. d4 Nf6 3. Nc3 c6 4. Bg5 Qa5 5. Qd2 Nbd7 6. 0-0-0 b5 7. Bxf6 gxf6 8. a3 Rb8 9. f4 h5 10. Nf3 Bh6 11. g3 Qb6 12. d5 Bb7 13. Nd4 a6 14. Nf5 Nc5 15. b4 Nd7 16. Be2 Bf8 17. dxc6 Qxc6 18. Nd5 e6 19. Nd4 Qc8 20. Nc3 Bc6 21. Rhe1 Be7 22. Qe3 Nb6 23. Nb1 Qc7 24. Nd2 Rc8 25. Kb1 Bd7 26. c4 Nxc4 27. Bxc4 bxc4 28. Qc3 Bb5 29. N2f3 Qb7 30. Kb2 Ba4 31. Rc1 Rc7 32. Nd2 Bb5 33. Ra1 d5 34. exd5 Qxd5 35. Ne4 Ba4 36. Rac1 0-0 37. Qe3 Rd8 38. Nf3 Bc6 39. Qc3 Qd3 40. Re3 Qxc3+ 41. Nxc3 Rd3 42. Rxd3 cxd3 43. Nd4 Bd7 44. Rd1 e5 45. Nd5 Bg4 46. Rxd3 Rb7 47. Nc6 Bf8 48. Nxf6+ Kg7 49. Nxg4 hxg4 50. fxe5 Rb6 51. Rc3 Kg6 52. Rc4 Kh5 53. Kb3 Bh6 54. a4 Be3 55. a5 Rb5 56. Re4 Bg1 57. Re1 Bf2 58. Rf1 Bc5 59. Rxf7 Bxb4 60. Nxb4 Rxa5 61. Nd3 Kg6 62. Rf4 Kg5 63. e6 Rd5 64. Kc4 Rd8 65. Ne5 Re8 66. Kd5 a5 67. Rxg4+ Kf6 68. Rf4+ Ke7 69. Nc6# 1-0

[Event "SVK-chT2D 1617"]
[Site "Slovakia"]
[Date "2016.10.09"]
[Round "2.4"]
[White "Krajnak, Jan"]
[Black "Milder, Ladislav"]
[Result "1-0"]
[WhiteElo "2108"]
[BlackElo "2067"]
[PlyCount "147"]
[EventDate "2016.10.08"]
[EventType "team-tourn"]
[EventRounds "11"]
[EventCountry "SVK"]
[SourceTitle "EXT 2018"]
[Source "ChessBase"]
[SourceDate "2017.10.13"]
[SourceVersion "1"]
[SourceVersionDate "2017.10.13"]
[SourceQuality "1"]
[WhiteTeam "Margecany II"]
[BlackTeam "Kosice Slavia UPJS III"]
[WhiteTeamCountry "SVK"]
[BlackTeamCountry "SVK"]

1. e4 c5 2. Nf3 Nc6 3. d4 cxd4 4. Nxd4 g6 5. Nc3 Bg7 6. Be3 Nf6 7. Nxc6 bxc6 8. e5 Ng8 9. f4 Nh6 10. Qd2 Nf5 11. Bc5 h5 12. 0-0-0 Qa5 13. Ba3 0-0 14. Ne4 Qc7 15. Bc4 Re8 16. Rhe1 Rd8 17. e6 d5 18. exf7+ Kxf7 19. Ng3 Bf6 20. Bd3 Nxg3 21. hxg3 Bg4 22. Be2 Bf5 23. Bf3 Rab8 24. Re3 Rb7 25. Rde1 e6 26. Qe2 Rdb8 27. b3 Qa5 28. Bb2 Qxa2 29. Bxf6 Kxf6 30. Rxe6+ Bxe6 31. Qe5+ Kf7 32. Qxe6+ Kg7 33. Qe5+ Kg8 34. f5 Qa3+ 35. Kd1 gxf5 36. Qe6+ Kg7 37. Qe5+ Kg8 38. Bxh5 Rf8 39. Bg6 d4 40. Qxd4 Rb4 41. Bh7+ Kxh7 42. Re7+ Kg6 43. Qg7+ Kh5 44. Qh7+ Kg5 45. Rg7+ Kf6 46. Qh6+ Ke5 47. Re7+ Kd5 48. Qe6+ Kc5 49. Qe5+ Kb6 50. Qc7+ Kb5 51. c4+ Rxc4 52. bxc4+ Kxc4 53. Qxc6+ Qc5 54. Qxc5+ Kxc5 55. Rxa7 Kd4 56. Ke2 Ke4 57. Re7+ Kd5 58. Kf3 Rg8 59. Kf4 Rg4+ 60. Kxf5 Rxg3 61. Rd7+ Kc6 62. Rd2 Rg8 63. g4 Rf8+ 64. Ke6 Re8+ 65. Kf7 Re5 66. Kf6 Re1 67. g5 Rf1+ 68. Kg7 Rf3 69. g6 Rf1 70. Kh8 Rh1+ 71. Kg8 Rg1 72. g7 Rg3 73. Rf2 Kd7 74. Kf7 1-0

[Event "SVK-chT1E 1516"]
[Site "Slovakia"]
[Date "2016.02.21"]
[Round "9.8"]
[White "Harasta, Igor"]
[Black "Krajnak, Jan"]
[Result "1-0"]
[WhiteElo "2128"]
[BlackElo "2031"]
[PlyCount "65"]
[EventDate "2015.10.24"]
[EventType "team-tourn"]
[EventRounds "11"]
[EventCountry "SVK"]
[SourceTitle "EXT 2017"]
[Source "ChessBase"]
[SourceDate "2016.10.25"]
[SourceVersion "1"]
[SourceVersionDate "2016.10.25"]
[SourceQuality "1"]
[WhiteTeam "Zilina Mladost"]
[BlackTeam "Margecany"]
[WhiteTeamCountry "SVK"]
[BlackTeamCountry "SVK"]

1. Nf3 c5 2. g3 Nc6 3. Bg2 d5 4. 0-0 e5 5. d3 f5 6. c4 dxc4 7. Qa4 Bd6 8. Qxc4 Qe7 9. Nc3 Nf6 10. Bg5 Be6 11. Qa4 0-0 12. Rfe1 Nd4 13. Nxd4 cxd4 14. Nd5 Bxd5 15. Bxd5+ Kh8 16. Bg2 h6 17. Bd2 b5 18. Qb3 Rab8 19. Rac1 f4 20. Rc6 fxg3 21. hxg3 Ng4 22. Bf3 Nf6 23. Rec1 Rfd8 24. Ba5 Rf8 25. Bc7 Bxc7 26. Rxc7 Qe8 27. Rxa7 e4 28. dxe4 Nxe4 29. Rcc7 Ng5 30. Rxg7 Rxf3 31. exf3 Qh5 32. Rxg5 hxg5 33. Qd5 1-0

[Event "SVK-chT1E 1516"]
[Site "Slovakia"]
[Date "2015.11.15"]
[Round "4.8"]
[White "Krajnak, Jan"]
[Black "Pcola, Jaroslav1111"]
[Result "1-0"]
[WhiteElo "2031"]
[BlackElo "2040"]
[PlyCount "52"]
[EventDate "2015.10.24"]
[EventType "team-tourn"]
[EventRounds "11"]
[EventCountry "SVK"]
[SourceTitle "CBM 169 Extra"]
[Source "ChessBase"]
[SourceDate "2015.12.18"]
[SourceVersion "1"]
[SourceVersionDate "2015.12.18"]
[SourceQuality "1"]
[WhiteTeam "Margecany"]
[BlackTeam "Michalovce Zemplin"]
[WhiteTeamCountry "SVK"]
[BlackTeamCountry "SVK"]

1. e4 e6 2. f4 d5 3. e5 c5 4. c3 Nc6 5. Nf3 Nh6 6. b3 Bd7 7. Na3 a6 8. Nc2 Qb6 9. Ne3 Be7 10. Bd3 Qc7 11. a4 f6 12. exf6 gxf6 13. g3 0-0-0 14. f5 d4 15. Nc4 exf5 16. 0-0 f4 17. cxd4 Bh3 18. Be4 fxg3 19. d3 gxh2+ 20. Nxh2 Bxf1 21. Qxf1 f5 22. Bg2 Bd6 23. Nf3 Bf4 24. d5 Nb4 25. d6 Bxd6 26. Bxh6 Bf4 1-0

[Event "SVK-chT1E 1415"]
[Site "Slovakia"]
[Date "2015.01.31"]
[Round "7.6"]
[White "Balazs, Attila"]
[Black "Krajnak, Jan"]
[Result "1-0"]
[WhiteElo "2029"]
[BlackElo "2084"]
[PlyCount "155"]
[EventDate "2014.10.18"]
[EventType "team-tourn"]
[EventRounds "11"]
[EventCountry "SVK"]
[SourceTitle "EXT 2016"]
[Source "ChessBase"]
[SourceDate "2015.10.08"]
[SourceVersion "1"]
[SourceVersionDate "2015.10.08"]
[SourceQuality "1"]
[WhiteTeam "Kosice Slavia"]
[BlackTeam "Margecany"]
[WhiteTeamCountry "SVK"]
[BlackTeamCountry "SVK"]

1. e4 e5 2. Nf3 Nc6 3. Bc4 Bc5 4. 0-0 Nf6 5. Nc3 d6 6. h3 0-0 7. d3 h6 8. Na4 Bb6 9. c3 Qe7 10. Re1 Kh7 11. Qe2 Na5 12. Bb3 Nxb3 13. axb3 Be6 14. b4 Nd7 15. c4 f5 16. exf5 Bxf5 17. d4 c6 18. Nxb6 Nxb6 19. dxe5 dxe5 20. Bd2 e4 21. Nd4 Bg6 22. Bc3 Rf7 23. Nc2 Nd7 24. Bd4 b6 25. Ra3 c5 26. bxc5 bxc5 27. Be3 Ne5 28. Rea1 Nd3 29. Ne1 Qe5 30. R1a2 Nb4 31. Ra1 Rd7 32. Ra5 Rc7 33. Qd2 Nd3 34. Nxd3 exd3 35. Bf4 Qe7 36. Bxc7 Qxc7 37. h4 Qe5 38. Re1 Qd4 39. b3 Rb8 40. Ra3 Qxh4 41. Re5 Qg4 42. Re7 a6 43. Qc3 Qd1+ 44. Re1 Qc2 45. Qxc2 dxc2 46. Rc1 Rd8 47. Kh2 Rd2 48. f3 Rd6 49. Kg3 Kg8 50. Ra5 Rb6 51. Ra3 Rd6 52. Kf4 Rd1 53. Raa1 Rd4+ 54. Ke5 Rd2 55. Rxa6 Rxg2 56. f4 Bf7 57. Ra8+ Kh7 58. Ra2 Bg6 59. Kd6 Rd2+ 60. Kxc5 Be4 61. b4 h5 62. b5 h4 63. Kb4 h3 64. Kc3 Re2 65. c5 h2 66. c6 Kg6 67. Raa1 Kf5 68. c7 Bb7 69. Ra7 Bc8 70. Ra8 Re8 71. Kxc2 Kxf4 72. Kd2 g5 73. b6 Kf3 74. Rxc8 Rxc8 75. b7 Rxc7 76. b8Q Rxc1 77. Qxh2 Ra1 78. Qh5+ 1-0

[Event "SVK-chT2D 14/15"]
[Site "Slovakia"]
[Date "2014.12.06"]
[Round "5.3"]
[White "Cisko, Matej"]
[Black "Krajnak, Jan"]
[Result "1/2-1/2"]
[WhiteElo "1928"]
[BlackElo "2084"]
[PlyCount "87"]
[EventDate "2014.10.11"]
[EventType "team-tourn"]
[EventRounds "11"]
[EventCountry "SVK"]
[SourceTitle "EXT 2019"]
[Source "ChessBase"]
[SourceDate "2018.10.10"]
[SourceVersion "1"]
[SourceVersionDate "2018.10.10"]
[SourceQuality "1"]
[WhiteTeam "Spisska Stara Ves"]
[BlackTeam "Spisska Nova Ves"]
[WhiteTeamCountry "SVK"]
[BlackTeamCountry "SVK"]

1. Nf3 d5 2. e3 c5 3. c4 d4 4. b4 dxe3 5. fxe3 cxb4 6. a3 bxa3 7. Bxa3 Nf6 8. Nc3 g6 9. d4 Bg7 10. Bd3 0-0 11. 0-0 Ng4 12. Qd2 Nc6 13. Rfb1 Bh6 14. Re1 Nxd4 15. Nd5 Nc6 16. h3 Bg7 17. hxg4 Bxa1 18. Rxa1 Bxg4 19. Nd4 Re8 20. Nb5 Rc8 21. Bb2 a6 22. Qc3 e5 23. Na3 b5 24. Be4 Be6 25. Nc2 a5 26. Rd1 Qh4 27. Rf1 f5 28. Bf3 b4 29. Qd2 Red8 30. e4 Bxd5 31. exd5 Qxc4 32. Ne3 Qc5 33. Rc1 Qa7 34. Qf2 Nd4 35. Re1 a4 36. Kh1 a3 37. Ba1 Nc2 38. Bxe5 Nxe1 39. Qxe1 Re8 40. Nxf5 Rxe5 41. Qxe5 Rc1+ 42. Kh2 gxf5 43. Qe8+ Kg7 44. Qe5+ 1/2-1/2

[Event "SVK-chT1E 1415"]
[Site "Slovakia"]
[Date "2014.10.19"]
[Round "2.8"]
[White "Krajnak, Jan"]
[Black "Mraz, Martin"]
[Result "1-0"]
[WhiteElo "2084"]
[BlackElo "1958"]
[PlyCount "100"]
[EventDate "2014.10.18"]
[EventType "team-tourn"]
[EventRounds "11"]
[EventCountry "SVK"]
[SourceTitle "EXT 2016"]
[Source "ChessBase"]
[SourceDate "2015.10.08"]
[SourceVersion "1"]
[SourceVersionDate "2015.10.08"]
[SourceQuality "1"]
[WhiteTeam "Margecany"]
[BlackTeam "Liptov Chess School II"]
[WhiteTeamCountry "SVK"]
[BlackTeamCountry "SVK"]

1. e4 e5 2. Nf3 Nc6 3. Bc4 Nf6 4. Ng5 d5 5. exd5 Na5 6. Bb5+ c6 7. dxc6 bxc6 8. Bd3 Bc5 9. 0-0 0-0 10. Nc3 Bb7 11. a3 Nb3 12. Rb1 h6 13. Nge4 Be7 14. Nxf6+ Bxf6 15. Ne4 Be7 16. Ng3 Bg5 17. Qe2 Nxc1 18. Rbxc1 Qc7 19. h4 Bf6 20. Nf5 c5 21. Qg4 e4 22. Bxe4 Bxe4 23. Qxe4 Rfe8 24. Qg4 Kh7 25. c3 Re6 26. Ne3 Qd6 27. Rcd1 Rae8 28. g3 Re4 29. Qf3 R4e6 30. Rfe1 Qd3 31. Rf1 Qg6 32. Ng2 Qc2 33. b4 cxb4 34. axb4 Re2 35. d4 Rc8 36. Rc1 Qe4 37. Qxe4+ Rxe4 38. Rfe1 Rxe1+ 39. Nxe1 Bxd4 40. c4 Bb2 41. Rc2 Bd4 42. Nf3 Bf6 43. Nd2 a6 44. Ne4 Bd4 45. c5 Rc6 46. Rd2 Be5 47. f4 Bc7 48. Rd7 Kg6 49. Nc3 Kh7 50. Nd5 Ba5 1-0